Le fellah : souvenirs d'Égypte /

محفوظ في:

المؤلف الرئيسي: About, Edmond, 1828-1885 (مؤلف)

التنسيق: كتاب

اللغة: French

منشور في: Paris : Hachette, 1893.

الطبعة: 5e éd.

الموضوعات:

الوسوم: إضافة وسم

لا توجد وسوم, كن أول من يضع وسما على هذه التسجيلة!

رقم الطلب: DT54 .A15 1893

LEADER 00591namaa2200217 4500
001 18931
003 OSt
005 20260326104745.0
008 130303s1893 fr 000 0 fre d
040 |c ARCE Library 
043 |a f-ua--- 
050 4 |a DT54 .A15 1893 
100 1 |a About, Edmond,  |d 1828-1885,  |e author  |9 24564 
245 1 3 |a Le fellah :   |b souvenirs d'Égypte /   |c par Edmond About. 
250 |a 5e éd. 
264 1 |a Paris :   |b Hachette,   |c 1893. 
300 |a vi, 327 pages ;   |c 24 cm. 
651 0 |a Egypt  |x Description and travel.  
901 |a reviewed 
942 |c BK  |2 lcc 
999 |c 15984  |d 15984